书目信息 |
| 题名: |
中国植物志
|
|
| 作者: | ;中国科学院中国植物志编辑委员会 编 | |
| 分册: | 第十三卷 被子植物门 单子叶植物纲 | |
| 出版信息: | 北京 科学出版社 1997 |
|
| 页数: | 294页 | |
| 开本: | 26cm | |
| 丛书名: | ||
| 单 册: | ||
| 中图分类: | Q948.52 , Q948.2 | |
| 科图分类: | ||
| 主题词: | 植物志--中国 , 单子叶植物--植物志--中国 , 植物生态学 , 植物地理学 | |
| 电子资源: | ||
| ISBN: | 7-03-005708-2 | |
| 000 | 01086nam0 2200313 45 | |
| 001 | 0197043513 | |
| 005 | 20040923113405.6 | |
| 010 | @a7-03-005708-2@b精装@dCNY50 | |
| 100 | @a19971209d1997 kemy0chiy0121 ea | |
| 101 | 0 | @achi@alat |
| 102 | @aCN@b110000 | |
| 105 | @af z 001yy | |
| 106 | @ar | |
| 200 | 10 | @a中国植物志@Azhong guo zhi wu zhi@h第十三卷@h第三分册@i被子植物门 单子叶植物纲@f中国科学院中国植物志编辑委员会编 |
| 210 | @a北京@c科学出版社@d1997 | |
| 215 | @a294页@d26cm | |
| 300 | @a须叶藤科 谷精草科 田葱科 帚灯草科 凤梨科 灯心草科 刺鳞草科 鸭跖草科 百部科 黄眼草科 雨久花科 | |
| 300 | @a国家自然科学基金资助项目 | |
| 300 | @a中国科学院出版基金资助项目 | |
| 510 | 1 | @aFlora reipublicae popularris sinicae@zlat |
| 606 | @a植物志@y中国 | |
| 606 | @a单子叶植物@x植物志@y中国 | |
| 606 | 0 | @a植物生态学 |
| 606 | 0 | @a植物地理学 |
| 690 | @aQ948.52@v3 | |
| 690 | @aQ948.2 | |
| 711 | 02 | @a中国科学院中国植物志编辑委员会@Azhong guo ke xue yuan zhong guo zhi wuzhi bian ji wei yuan hui@4编 |
| 801 | 0 | @aCN@bNLC@c19971223 |
| 905 | @f1@b280120@dQ948.2@e8:13(3) | |
| 中国植物志.第十三卷.第三分册.被子植物门 单子叶植物纲/中国科学院中国植物志编辑委员会编.-北京:科学出版社,1997 |
| 294页;26cm |
| 须叶藤科 谷精草科 田葱科 帚灯草科 凤梨科 灯心草科 刺鳞草科 鸭跖草科 百部科 黄眼草科 雨久花科.-国家自然科学基金资助项目.-中国科学院出版基金资助项目 |
| ISBN 7-03-005708-2(精装):CNY50 |
| ● |
| 相关链接 |
|
|
|
|
正题名:中国植物志
索取号:Q948.2/8:13(3)
 
预约/预借
| 序号 | 登录号 | 条形码 | 馆藏地/架位号 | 状态 | 备注 |
| 1 | 0280120 | 002801203 | 工具书阅览室/ [索取号:Q948.2/8:13(3)] | 在馆 | |
| 2 | 0280121 | 002801212 | 第二样本阅览室/ [索取号:Q948.2/8:13(3)] | 在馆 |